00475cam a22001337a 4500008004000000082001900040100001900059245009700078260007000175300001000245500000900255650003600264650004100300180718b1960 xxu||||| |||| 00| 0 eng d aB135x6711 Ar28 aArdener, Edwin aPlantation and village in the Cameroons---some economic and social studiescby Edwin Ardener aLondonbOUP for Nigerian Inst. of Social and Econ. Researchc1960 a435p. a50/- aCambroons - Economic Conditions aSociology Rural - Africa - Cambroons